000 00579cam a22002051 4500
001 ne 68000602
003 DLC
005 20260227111838.0
008 950531q19291930xx 000 0 arao
010 _ane 68000602
035 _a(OCoLC)32577268
040 _aDLC
_cCU
_dCU
_dDLC
042 _apremarc
050 0 0 _aPJ6131
_b.M85 1929
100 1 _aMuḥibbī, Muḥammad Amīn ibn Faḍl Allāh,
_d1651-1699.
245 1 0 _aJanā al-jannatayn fī tamyīz nawʻay al-muthannayayn.
260 _c[1929 or 30]
300 _a172 p.
_c24 cm.
650 0 _aArabic language
_xNumber.
999 _c50101
_d50101